| 000 | 00283nam a2200085Ia 4500 | ||
|---|---|---|---|
| 008 | 220120s9999||||xx |||||||||||||| ||und|| | ||
| 100 |
_aAkshatha T Y, Madhushree, Sangeetha and Sindu _912450 |
||
| 245 | 0 | _aProduct labelling system | |
| 260 |
_aCoorg Institute of Technology _bPonnampet _c2013 |
||
| 999 |
_c138037 _d138037 |
||